| 000 | 00580nam a22001817a 4500 | ||
|---|---|---|---|
| 005 | 20260506153734.0 | ||
| 008 | 260506b |||||||| |||| 00| 0 eng d | ||
| 020 |
_a9788174961570 _qhbk |
||
| 041 | _aeng | ||
| 082 | _a342.4206 MIT | ||
| 100 | _aMittal, D.P. | ||
| 245 |
_aNatural Justice Judicial Review & Administrative Law: _bWith Special Reference to Law of Income Tax _c/D. P. Mittal; |
||
| 260 |
_aNew Delhi _bTaxmann Allied Services (P.) Ltd. _c1999 |
||
| 300 |
_a433p. : _c27cm. |
||
| 504 | _aindex | ||
| 650 | _aConstitutional & administrative law | ||
| 942 | _cENGLISH | ||
| 999 |
_c622670 _d622670 |
||